| 000 | 01562nam a2200373 a 4500 | ||
|---|---|---|---|
| 999 |
_c181220 _d181220 |
||
| 003 | BLK | ||
| 005 | 20240712094830.0 | ||
| 008 | 180411b bul|||||r ||||||| ||bul|| | ||
| 010 | _aKNG00190113000 | ||
| 040 | _aBLK | ||
| 041 |
_aBUL _cBUL |
||
| 080 |
_aАмериканска литература (на САЩ) _b821.111(73) _x-32 _z821.111(73)-32 |
||
| 100 | 1 |
_aО'Хенри _qПортър, Уилям Сидни _d1862 - 1910 _eпърви автор _gПортър, Уилям Сидни _9104163 |
|
| 139 |
_aО'Хенри _bО 97 |
||
| 245 | 1 | 0 |
_aИзбрани разкази _cО'Хенри, прев. от англ. Тодор Вълчев, подб. Жени Панайотова Божилова, предг. от Кръстан Дянков. |
| 250 | _a2. доп. изд. | ||
| 257 | _aUSA | ||
| 260 |
_bНар. култура _c1975 |
||
| 300 |
_a512 с. _c21 см |
||
| 380 | _aX | ||
| 490 |
_aБиблиотека Световна класика _9201621 |
||
| 500 | _a1. изд. 1970 със загл. Разкази. - 50 225 тир. | ||
| 653 | _aразкази | ||
| 700 | 1 |
_aВълчев, Тодор _eпрев. от англ. _9364511 |
|
| 700 | 1 |
_aБожилова, Жени Панайотова _eподб. _9363346 |
|
| 700 | 1 |
_aДянков, Кръстан Димитров _eпредг. от _9364579 |
|
| 852 | _aЦб 77891 | ||
| 856 | 4 | _qpdf | |
| 856 | 4 | _qpdf | |
| 942 |
_cKNG _n0 _03 _s1 |
||
| 944 |
_aCR _c26.08.2016 _lГеновева Генчева _k30560 |
||
| 944 |
_aED _c2022-10-05 _lф / _kир |
||
| 999 | _d181220 | ||